| 000 | 00411nam a2200109 4500 | ||
|---|---|---|---|
| 999 |
_c11161 _d11161 |
||
| 008 | 181015b ||||| |||| 00| 0 eng d | ||
| 245 |
_aGood governance: _bconcerted effort to protect and promote the welfare of the labor force. |
||
| 260 |
_aSan Miguel, Manila : _bOP-Bureau of Communications Services, _c2013-©2014. |
||
| 300 |
_av22 n6, pages 9-10; _c23cm. |
||
| 650 | 0 |
_932213 _a Labor supply |
|
| 942 |
_2ddc _cPER |
||